| 000 | 00345nam a22001457a 4500 | ||
|---|---|---|---|
| 020 | _a9788183481595 | ||
| 082 | _a028.702 BRI/PA | ||
| 100 | _aBrijesh Tripathi | ||
| 100 | _aSatyajeet Rawat | ||
| 100 | _aNeetika Goyal | ||
| 245 | _aPathfinder for CDS Examination | ||
| 260 |
_aNew Delhi _bArihant Publications |
||
| 300 | _a174 | ||
| 942 | _cBK | ||
| 999 |
_c13846 _d13846 |
||